00970nam a22002297a 450000500170000001000260001702000260004303500140006903500140008303700090009708200130010624500980011926000440021727000680026130000340032970000250036370000260038894200270041499900190044195201230046095201570058320250115115355.0 aENG-131443 ENG-143420 a9789383445608c580.00 aEN-114975 aEN-126952 bDBAD a958.1046 aRecent Developments In Afghanistan:bIcwa Reflections/cEdited by Nivedita Ray, Anwesha Ghosh aNew DelhibKW Publishers Pvt. Ltdc2022 a4676/21, First Floor, Ansari Road, DaryaganjbNew Delhie110002 axiii, 122p.bIndexc25cm(hbk) aRay, Nivedita976607 aGhosh, Anwesha976608 2ddccENh958.1046mREC c185655d185655 001040708NFICaAVbAVd2022-02-07eDBAD/PUBg580.00l0o958.1046 RECpEN-114975r2022-02-07 00:00:00t1v580.00yEN 001040708NFICaVPbVPd2025-01-15eDelivery of Books Act Divisiong580.00l0o958.1046 RECpEN-126952r2025-01-15 00:00:00t1v580.00w2025-01-15yEN